| 000 | 01107nam a22003377a 4500 | ||
|---|---|---|---|
| 003 | CHAP | ||
| 005 | 20220329134430.0 | ||
| 008 | 971013s1975 r 00010 d | ||
| 010 | _a20434 | ||
| 011 | _a21406 | ||
| 035 | _a25496 | ||
| 040 | _cCHAP | ||
| 082 |
_a312.098 _bC4 1975 |
||
| 110 |
_aCEPAL _921292 |
||
| 245 |
_aEstadísticas sobre la infancia y la juventud en América Latina _b: suplemento del Boletín Estadístico de América Latina |
||
| 250 | _a2 ed. | ||
| 260 |
_aSantiago : _b(s.e.), _c1975 |
||
| 300 | _a456 p. | ||
| 590 |
_aBATCH-UPD _b10 _c20130109 _lUCH01 _h2326 |
||
| 590 |
_aBATCH-UPD _b10 _c20130110 _lUCH01 _h1811 |
||
| 590 |
_aBATCH-UPD _b10 _c20130409 _lUCH01 _h1850 |
||
| 590 |
_aBATCH-UPD _b10 _c20130410 _lUCH01 _h1146 |
||
| 590 |
_aBATCH-UPD _b10 _c20130914 _lUCH01 _h1706 |
||
| 590 |
_aCONVERSION _b10 _c20130109 _lUCH01 _h1312 |
||
| 650 | 1 | 4 |
_aAmerica Latina _xCensos. _95387 |
| 650 | 1 | 4 |
_aJuventud. _962551 |
| 650 | 1 | 4 |
_aPoblación _xAmérica Latina. _989362 |
| 901 | _aBK | ||
| 942 | _cLIBRO | ||
| 949 |
_a312.098 C4 1975 _bBC _cLIBRO _d33724000749461 _eLIBRO _h40896 _i25496 _mD _sb |
||
| 999 |
_c20434 _d20434 |
||